00664nam a2200169 a 450000100100000000500170001000800410002704000250006808200150009311000770010824500610018526000720024630000280031804900090034695201220035599900170047700002918220200930055400.0110414s2006 dr a 000 0 spa d aDO-SdBNPbspacBNPHU axxxbR426l1 aRepública DominicnabBanco Central de la República Dominicana95610110aLogros de la política monetaria junio 2004-junio 2006. aSanto Domingo :bBanco Central de la República Dominicana,c2006. a18 cm. :bil. ;c22 cm. aBNPD 001054708PDaPDbPDcCTd2011-04-14iLF1l0oxxx R426lp29182-10r2020-06-25w2020-06-25yLFPDZPréstamo en sala c28674d28674